Normal view
MARC view
- البنوك- الودائع البنكية - المدخرات - الحسابات البنكية
Entry Topical Term
001 - CONTROL NUMBER
- control field: 28086
003 - CONTROL NUMBER IDENTIFIER
- control field: JO-AjAnu
005 - DATE AND TIME OF LATEST TRANSACTION
- control field: 20230606074749.0
008 - FIXED-LENGTH DATA ELEMENTS
- fixed length control field: 230606|| aca||aabn | a|a d
040 ## - CATALOGING SOURCE
- Original cataloging agency: JO-AjAnu
- Transcribing agency: JO-AjAnu
150 ## - HEADING--TOPICAL TERM
- Topical term or geographic name entry element: البنوك- الودائع البنكية - المدخرات - الحسابات البنكية
670 ## - SOURCE DATA FOUND
- Source citation: Work cat.: (JO-AjAnu)14417: اعداد: بطاح، محمد توفيق عبدالفتاح, author 28085, آثار الحساب الجاري في العمليات المصرفية